Central Library OPAC University of Rajshahi

An outline of metallurgical practice / (Record no. 16646)

MARC details
000 -LEADER
fixed length control field 00717cam a22002531 4500
001 - CONTROL NUMBER
control field 16646
003 - CONTROL NUMBER IDENTIFIER
rucl marc code BD-RjUL
005 - DATE AND TIME OF LATEST TRANSACTION
control field 20211209000033.0
008 - FIXED-LENGTH DATA ELEMENTS--GENERAL INFORMATION
fixed length control field 140215s19641952enk 000 0 eng
035 ## - SYSTEM CONTROL NUMBER
System control number (BD-RjUL)16701
System control number (OCoLC)566429
040 ## - CATALOGING SOURCE
Original cataloging agency DLC
Transcribing agency ODaWU
Modifying agency Uk
-- BD-RjUL
Language of cataloging eng
041 ## - LANGUAGE CODE
Language code of text/sound track or separate title eng
082 ## - DEWEY DECIMAL CLASSIFICATION NUMBER
Classification number 669
Author mark and year HAO 1964
100 1# - MAIN ENTRY--PERSONAL NAME
Personal name Hayward, Carle Reed,
Dates associated with a name 1880-
9 (RLIN) 51428
245 13 - TITLE STATEMENT
Title An outline of metallurgical practice /
Statement of responsibility, etc. Carle Reed Hayward
250 ## - EDITION STATEMENT
Edition statement 3d ed.
260 ## - PUBLICATION, DISTRIBUTION, ETC. (IMPRINT)
Place of publication, distribution, etc. Toronto, New York :
Name of publisher, distributor, etc. Van Nostrand ,
Date of publication, distribution, etc. 1952 [ Reprinted 1964]
300 ## - PHYSICAL DESCRIPTION
Pagination 728 p. :
Illustrations ills. ;
Size 25 cm.
650 #0 - SUBJECT ADDED ENTRY--TOPICAL TERM
Topical term or geographic name as entry element Metallurgy.
9 (RLIN) 51429
942 ## - ADDED ENTRY ELEMENTS (KOHA)
Source of classification or shelving scheme Dewey Decimal Classification
Koha item type Books
Holdings
Lost status Source of classification or shelving scheme Damaged status Not for loan Collection code Permanent Location Current Location Shelving location Date acquired Coded location qualifier Cost, normal purchase price Total Checkouts Full call number Date last seen Copy number Koha item type Source of acquisition
  Dewey Decimal Classification     Non-fiction Central Library, University of Rajshahi Central Library, University of Rajshahi   11/11/1967 Sweets & Z 72.00   669 HAO 1964 15/02/2014 C-3 Books  
  Dewey Decimal Classification     Non-fiction Central Library, University of Rajshahi Central Library, University of Rajshahi   10/11/1967   72.00   669 HAO 1964 10/11/2016 C-2 Books sweit & zeitlinger
  Dewey Decimal Classification   Not For Loan Non-fiction Central Library, University of Rajshahi Central Library, University of Rajshahi Reading Room 10/12/1963   70.00   669 HAO 1964 26/01/2020 C-1 Books Zeitlinger
  Dewey Decimal Classification     Non-fiction Central Library, University of Rajshahi Central Library, University of Rajshahi   11/11/1967   72.00   669 HAO 1964 26/01/2020 C-4 Books Swets & Zeitlinger